000 00644nam a2200217 i 4500
003 DO-SdBNP
005 20230613105222.0
007 ta
008 230613b20122013dr ac||| |||| 00| 0 spa d
040 _aDO-SdBNP
_bspa
_cBNPHU
_erda
082 4 _222
245 0 0 _aCoraasan :
_bconstruyendo soluciones, 2012-2013
264 _aSantiago, República Dominicana :
_bs.n.,
_c2012-2013.
300 _a167 páginas :
_bilustraciones, retratos ;
_c27 cm.
336 _2rdacontent
_atexto
_btxt
337 _2rdamedia
_asin mediación
_bn
338 _2rdacarrier
_avolumen
_bnc
590 _aInventariado, 2023/BT
910 _aBtavarez
942 _2ddc
_cLBS1
999 _c53789
_d53789